<?xml version="1.0" encoding="UTF-8"?>
<collection xmlns="http://www.loc.gov/MARC21/slim">
 <record>
  <leader>03909cam a2200709   4500</leader>
  <controlfield tag="001">72549882X</controlfield>
  <controlfield tag="003">DE-627</controlfield>
  <controlfield tag="005">20230504121001.0</controlfield>
  <controlfield tag="007">tu</controlfield>
  <controlfield tag="008">120912s2012    xr |||||      00| ||eng c</controlfield>
  <datafield tag="010" ind1=" " ind2=" ">
   <subfield code="a">  2012489074</subfield>
  </datafield>
  <datafield tag="020" ind1=" " ind2=" ">
   <subfield code="a">9788086890425</subfield>
   <subfield code="9">978-80-86890-42-5</subfield>
  </datafield>
  <datafield tag="035" ind1=" " ind2=" ">
   <subfield code="a">(DE-627)72549882X</subfield>
  </datafield>
  <datafield tag="035" ind1=" " ind2=" ">
   <subfield code="a">(DE-576)370285719</subfield>
  </datafield>
  <datafield tag="035" ind1=" " ind2=" ">
   <subfield code="a">(DE-599)BVBBV040349929</subfield>
  </datafield>
  <datafield tag="035" ind1=" " ind2=" ">
   <subfield code="a">(OCoLC)809172731</subfield>
  </datafield>
  <datafield tag="035" ind1=" " ind2=" ">
   <subfield code="a">(OCoLC)809172731</subfield>
  </datafield>
  <datafield tag="035" ind1=" " ind2=" ">
   <subfield code="a">(OCoLC)1050668800</subfield>
  </datafield>
  <datafield tag="035" ind1=" " ind2=" ">
   <subfield code="a">(DE-604)BV040349929</subfield>
  </datafield>
  <datafield tag="040" ind1=" " ind2=" ">
   <subfield code="a">DE-627</subfield>
   <subfield code="b">ger</subfield>
   <subfield code="c">DE-627</subfield>
   <subfield code="e">rakwb</subfield>
  </datafield>
  <datafield tag="041" ind1=" " ind2=" ">
   <subfield code="a">eng</subfield>
   <subfield code="a">ger</subfield>
  </datafield>
  <datafield tag="044" ind1=" " ind2=" ">
   <subfield code="c">XA-CZ</subfield>
  </datafield>
  <datafield tag="050" ind1=" " ind2="0">
   <subfield code="a">ND588.A23</subfield>
  </datafield>
  <datafield tag="082" ind1="0" ind2=" ">
   <subfield code="a">2.2#KUBA2</subfield>
   <subfield code="q">BSZ</subfield>
  </datafield>
  <datafield tag="082" ind1="0" ind2=" ">
   <subfield code="a">759.3</subfield>
   <subfield code="2">22/ger</subfield>
  </datafield>
  <datafield tag="082" ind1="0" ind2="4">
   <subfield code="a">750</subfield>
   <subfield code="q">DE-101</subfield>
  </datafield>
  <datafield tag="084" ind1=" " ind2=" ">
   <subfield code="a">9,10</subfield>
   <subfield code="a">1</subfield>
   <subfield code="2">ssgn</subfield>
  </datafield>
  <datafield tag="084" ind1=" " ind2=" ">
   <subfield code="a">LI 99999</subfield>
   <subfield code="2">rvk</subfield>
   <subfield code="0">(DE-625)rvk/97471:</subfield>
  </datafield>
  <datafield tag="084" ind1=" " ind2=" ">
   <subfield code="a">20.31</subfield>
   <subfield code="2">bkl</subfield>
  </datafield>
  <datafield tag="245" ind1="1" ind2="0">
   <subfield code="a">Hans von Aachen in context</subfield>
   <subfield code="b">proceedings of the international conference, Prague, 22 - 25 September 2010</subfield>
   <subfield code="c">Institute of Art History, Academy of Sciences of the Czech Republic. Ed. by Lubomír Konečný and Štěpán Vácha</subfield>
  </datafield>
  <datafield tag="246" ind1="3" ind2="3">
   <subfield code="a">Hans von Aachen and new research in the transfer of artistic ideas into Central Europe</subfield>
  </datafield>
  <datafield tag="264" ind1=" " ind2="1">
   <subfield code="a">Prague</subfield>
   <subfield code="b">Artefactum</subfield>
   <subfield code="c">2012</subfield>
  </datafield>
  <datafield tag="300" ind1=" " ind2=" ">
   <subfield code="a">280 S.</subfield>
   <subfield code="b">zahlr. Ill., graph. Darst.</subfield>
  </datafield>
  <datafield tag="336" ind1=" " ind2=" ">
   <subfield code="a">Text</subfield>
   <subfield code="b">txt</subfield>
   <subfield code="2">rdacontent</subfield>
  </datafield>
  <datafield tag="337" ind1=" " ind2=" ">
   <subfield code="a">ohne Hilfsmittel zu benutzen</subfield>
   <subfield code="b">n</subfield>
   <subfield code="2">rdamedia</subfield>
  </datafield>
  <datafield tag="338" ind1=" " ind2=" ">
   <subfield code="a">Band</subfield>
   <subfield code="b">nc</subfield>
   <subfield code="2">rdacarrier</subfield>
  </datafield>
  <datafield tag="500" ind1=" " ind2=" ">
   <subfield code="a">Beitr. teilw. engl., teilw. dt. - Bibliography Eliška Fučíková S. 252 - 265</subfield>
  </datafield>
  <datafield tag="546" ind1=" " ind2=" ">
   <subfield code="a">Beitr. teilw. engl., teilw. dt.</subfield>
  </datafield>
  <datafield tag="600" ind1="1" ind2="0">
   <subfield code="a">Aachen, Hans von</subfield>
   <subfield code="d">1552-1615</subfield>
   <subfield code="v">Congresses</subfield>
  </datafield>
  <datafield tag="655" ind1=" " ind2="7">
   <subfield code="a">Konferenzschrift</subfield>
   <subfield code="y">2010</subfield>
   <subfield code="z">Prag</subfield>
   <subfield code="0">(DE-588)1071861417</subfield>
   <subfield code="0">(DE-627)826484824</subfield>
   <subfield code="0">(DE-576)433375485</subfield>
   <subfield code="2">gnd-content</subfield>
  </datafield>
  <datafield tag="689" ind1="0" ind2="0">
   <subfield code="d">p</subfield>
   <subfield code="0">(DE-588)118643525</subfield>
   <subfield code="0">(DE-627)244602352</subfield>
   <subfield code="0">(DE-576)209215682</subfield>
   <subfield code="a">Aachen, Hans von</subfield>
   <subfield code="d">1552-1615</subfield>
   <subfield code="2">gnd</subfield>
  </datafield>
  <datafield tag="689" ind1="0" ind2="1">
   <subfield code="d">s</subfield>
   <subfield code="0">(DE-588)4211127-4</subfield>
   <subfield code="0">(DE-627)105090891</subfield>
   <subfield code="0">(DE-576)210201886</subfield>
   <subfield code="a">Umkreis</subfield>
   <subfield code="2">gnd</subfield>
  </datafield>
  <datafield tag="689" ind1="0" ind2=" ">
   <subfield code="5">(DE-627)</subfield>
  </datafield>
  <datafield tag="700" ind1="1" ind2=" ">
   <subfield code="a">Konečný, Lubomír</subfield>
   <subfield code="d">1946-</subfield>
   <subfield code="e">Hrsg.</subfield>
   <subfield code="0">(DE-588)133171809</subfield>
   <subfield code="0">(DE-627)537996907</subfield>
   <subfield code="0">(DE-576)266814832</subfield>
   <subfield code="4">edt</subfield>
  </datafield>
  <datafield tag="700" ind1="1" ind2=" ">
   <subfield code="a">Vácha, Štěpán</subfield>
   <subfield code="d">1976-</subfield>
   <subfield code="0">(DE-588)131854348</subfield>
   <subfield code="0">(DE-627)618893520</subfield>
   <subfield code="0">(DE-576)264912802</subfield>
   <subfield code="4">oth</subfield>
  </datafield>
  <datafield tag="700" ind1="1" ind2=" ">
   <subfield code="a">Aachen, Hans von</subfield>
   <subfield code="d">1552-1615</subfield>
   <subfield code="e">Ill.</subfield>
   <subfield code="0">(DE-588)118643525</subfield>
   <subfield code="0">(DE-627)244602352</subfield>
   <subfield code="0">(DE-576)209215682</subfield>
   <subfield code="4">ill</subfield>
  </datafield>
  <datafield tag="700" ind1="1" ind2=" ">
   <subfield code="a">Bukovinská, Beket</subfield>
   <subfield code="d">1943-</subfield>
   <subfield code="e">Mitarb.</subfield>
   <subfield code="0">(DE-588)133159906</subfield>
   <subfield code="0">(DE-627)537989358</subfield>
   <subfield code="0">(DE-576)167619543</subfield>
   <subfield code="4">oth</subfield>
  </datafield>
  <datafield tag="710" ind1="2" ind2=" ">
   <subfield code="a">Ústav Dějin Umění</subfield>
   <subfield code="0">(DE-588)1011788-X</subfield>
   <subfield code="0">(DE-627)103205993</subfield>
   <subfield code="0">(DE-576)19119719X</subfield>
   <subfield code="4">oth</subfield>
  </datafield>
  <datafield tag="711" ind1="2" ind2=" ">
   <subfield code="a">International Conference &quot;Hans von Aachen and New Research in the Transfer of Artistic Ideas into Central Europe&quot;</subfield>
   <subfield code="d">2010</subfield>
   <subfield code="c">Prag</subfield>
   <subfield code="0">(DE-588)1030089159</subfield>
   <subfield code="0">(DE-627)734680341</subfield>
   <subfield code="0">(DE-576)37789690X</subfield>
   <subfield code="4">oth</subfield>
  </datafield>
  <datafield tag="787" ind1="0" ind2="8">
   <subfield code="i">Rezensiert in</subfield>
   <subfield code="a">Gáldy, Andrea, 1967 - </subfield>
   <subfield code="t">[Rezension von: Lubomir Konečný / Štěpán Vácha (Hrsg.), Hans von Aachen in context. Proceedings of the international conference]</subfield>
   <subfield code="d">2015</subfield>
   <subfield code="w">(DE-627)1796286524</subfield>
  </datafield>
  <datafield tag="787" ind1="0" ind2="8">
   <subfield code="i">Rezensiert in</subfield>
   <subfield code="a">Michalski, Sergiusz</subfield>
   <subfield code="t">[Rezension von: Konečný, Lubomír, Hans von Aachen in Context: Proceedings of the International Conference Prague 22–25 September 2010]</subfield>
   <subfield code="d">2014</subfield>
   <subfield code="w">(DE-627)1802432108</subfield>
  </datafield>
  <datafield tag="856" ind1="4" ind2="2">
   <subfield code="u">https://swbplus.bsz-bw.de/bsz370285719inh.htm</subfield>
   <subfield code="m">B:DE-576;DE-16</subfield>
   <subfield code="q">application/pdf</subfield>
   <subfield code="v">20130218162451</subfield>
   <subfield code="x">Verlag</subfield>
   <subfield code="3">Inhaltsverzeichnis</subfield>
  </datafield>
  <datafield tag="856" ind1="4" ind2="2">
   <subfield code="u">https://swbplus.bsz-bw.de/bsz370285719rez.htm</subfield>
   <subfield code="m">B:DE-576;DE-16</subfield>
   <subfield code="q">application/pdf</subfield>
   <subfield code="v">20150323114414</subfield>
   <subfield code="x">Verlag</subfield>
   <subfield code="3">Rezension</subfield>
  </datafield>
  <datafield tag="856" ind1="4" ind2="2">
   <subfield code="u">http://www.sehepunkte.de/2015/03/23177.html</subfield>
   <subfield code="m">V:DE-576;X:Sehepunkte</subfield>
   <subfield code="q">text/html</subfield>
   <subfield code="v">20180417100629</subfield>
   <subfield code="3">Rezension</subfield>
  </datafield>
  <datafield tag="935" ind1=" " ind2=" ">
   <subfield code="i">Blocktest</subfield>
  </datafield>
  <datafield tag="936" ind1="r" ind2="v">
   <subfield code="a">LI 99999</subfield>
   <subfield code="b">Sonstige (CSN der Person)</subfield>
   <subfield code="k">Künstler-Monografien</subfield>
   <subfield code="k">Sonstige (CSN der Person)</subfield>
   <subfield code="0">(DE-627)1270635948</subfield>
   <subfield code="0">(DE-625)rvk/97471:</subfield>
   <subfield code="0">(DE-576)200635948</subfield>
  </datafield>
  <datafield tag="936" ind1="b" ind2="k">
   <subfield code="a">20.31</subfield>
   <subfield code="j">Bildende Künstler</subfield>
   <subfield code="0">(DE-627)181571080</subfield>
  </datafield>
  <datafield tag="951" ind1=" " ind2=" ">
   <subfield code="a">BO</subfield>
  </datafield>
  <datafield tag="990" ind1=" " ind2=" ">
   <subfield code="a">Aachen, Hans von</subfield>
  </datafield>
  <datafield tag="990" ind1=" " ind2=" ">
   <subfield code="a">Umkreis</subfield>
  </datafield>
  <datafield tag="991" ind1=" " ind2=" ">
   <subfield code="a">Rezensiertes Werk</subfield>
  </datafield>
  <datafield tag="999" ind1=" " ind2=" ">
   <subfield code="a">KXP-PPN72549882X</subfield>
   <subfield code="e">418300246X</subfield>
  </datafield>
 </record>
</collection>
